[Event "Montesilvano Easter op"]
[Site "Montesilvano"]
[Date "2025.04.19"]
[Round "2"]
[White "Centamore, Alberto"]
[Black "Ragonese, Lucio Rosario"]
[Result "1-0"]
[WhiteElo "2059"]
[BlackElo "1865"]
[PlyCount "45"]
[EventDate "2025.04.18"]
[EventType "tourn"]
[EventRounds "6"]
[EventCountry "ITA"]
[SourceTitle "CB17_2025"]
[SourceDate "2025.04.23"]
[SourceVersion "1"]
[SourceVersionDate "2025.04.23"]
[SourceQuality "1"]

1. e4 d5 2. exd5 Qxd5 3. Nc3 Qa5 4. Bc4 Nf6 5. d3 Bf5 6. Bd2 c6 7. Qe2 e6 8. h3 h5 9. Nf3 Nbd7 10. Nd5 Qd8 11. Ne3 Bh7 12. Ng5 Qc7 13. 0-0 Bg6 14. f4 0-0-0 15. f5 exf5 16. Bxf7 Qg3 17. Nxf5 Bc5+ 18. Kh1 Bxf5 19. Bf4 Qh4 20. g3 Bg4 21. Qh2 Rde8 22. Bxe8 Rxe8 23. gxh4 1-0

[Event "Amantea op 11th"]
[Site "Amantea"]
[Date "2013.09.01"]
[Round "1"]
[White "Seletsky, Grigory"]
[Black "Ragonese, Lucio Rosario"]
[Result "1-0"]
[WhiteElo "2304"]
[BlackElo "1931"]
[PlyCount "27"]
[EventDate "2013.09.01"]
[EventType "swiss"]
[EventRounds "9"]
[EventCountry "ITA"]
[SourceTitle "EXT 2015"]
[Source "ChessBase"]
[SourceDate "2014.11.20"]
[SourceVersion "1"]
[SourceVersionDate "2014.11.20"]
[SourceQuality "1"]

1. e4 c6 2. d4 d5 3. Nc3 dxe4 4. Nxe4 Nd7 5. Ng5 Ngf6 6. Bd3 e6 7. N1f3 c5 8. Qe2 h6 9. Nxe6 fxe6 10. Bg6+ Ke7 11. 0-0 cxd4 12. Nxd4 Nb6 13. Nf5+ Kd7 14. Qb5+ 1-0

[Event "Porto San Giorgio op 23rd"]
[Site "Porto San Giorgio"]
[Date "2011.08.25"]
[Round "6"]
[White "Vincenzi, Marco"]
[Black "Ragonese, Lucio Rosario"]
[Result "1/2-1/2"]
[WhiteElo "2108"]
[BlackElo "1969"]
[PlyCount "147"]
[EventDate "2011.08.21"]
[EventType "swiss"]
[EventRounds "9"]
[EventCountry "ITA"]
[SourceTitle "CBM 144 Extra"]
[Source "ChessBase"]
[SourceDate "2011.10.28"]
[SourceVersion "1"]
[SourceVersionDate "2011.10.28"]
[SourceQuality "1"]

1. e4 c6 2. d4 d5 3. e5 Bf5 4. Nf3 e6 5. Be2 Nd7 6. 0-0 Ne7 7. Be3 c5 8. dxc5 Nc6 9. Nd4 Nxd4 10. Bxd4 Bxc5 11. Bxc5 Nxc5 12. Bb5+ Kf8 13. Qd4 b6 14. Na3 Qg5 15. Rfe1 h5 16. f3 Rh6 17. b4 Rg6 18. Re2 Nb7 19. Bd3 Bxd3 20. cxd3 Rc8 21. Nc2 Nd8 22. Qe3 Qxe3+ 23. Nxe3 Rc3 24. d4 Nc6 25. Rc2 Nxd4 26. Rxc3 Ne2+ 27. Kf2 Nxc3 28. a4 f6 29. exf6 gxf6 30. a5 b5 31. Rc1 d4 32. Nd1 Nxd1+ 33. Rxd1 e5 34. Rc1 Rg7 35. Rc8+ Ke7 36. Rc7+ Kf8 37. Rc8+ Ke7 38. Rb8 Kd6 39. Rxb5 Rc7 40. Rb8 Rc2+ 41. Kf1 Rb2 42. b5 Kc7 43. Rf8 Rxb5 44. Rf7+ Kb8 45. Rxf6 Rxa5 46. Rf5 Kc7 47. Rxh5 Kd6 48. g4 Ra1+ 49. Ke2 Ra2+ 50. Kd3 Rf2 51. Kc4 Rc2+ 52. Kd3 Rc3+ 53. Ke2 Re3+ 54. Kf2 Ra3 55. h4 Ra2+ 56. Ke1 a5 57. Rh6+ Kd5 58. Ra6 d3 59. h5 Kd4 60. Re6 Rh2 61. h6 d2+ 62. Kd1 Kd3 63. Rd6+ Ke3 64. Kc2 a4 65. g5 a3 66. Rd3+ Kf4 67. Rxa3 Kxg5 68. Rd3 Rxh6 69. Kxd2 Kf4 70. Ra3 Rh2+ 71. Ke1 Rb2 72. Rc3 Kg3 73. Re3 Kf4 74. Rd3 1/2-1/2

[Event "Porto San Giorgio op-A 21st"]
[Site "Porto San Giorgio"]
[Date "2009.08.28"]
[Round "8"]
[White "Ragonese, Lucio Rosario"]
[Black "Capone, Vincenzo"]
[Result "0-1"]
[WhiteElo "1977"]
[BlackElo "2133"]
[PlyCount "88"]
[EventDate "2009.08.21"]
[EventType "swiss"]
[EventRounds "9"]
[EventCountry "ITA"]
[SourceTitle "CBM 131 Extra"]
[Source "ChessBase"]
[SourceDate "2009.09.03"]
[SourceVersion "2"]
[SourceVersionDate "2009.09.16"]
[SourceQuality "1"]

1. d4 Nf6 2. Nf3 e6 3. Bg5 h6 4. Bh4 Be7 5. Nbd2 d5 6. e3 Nbd7 7. Bd3 c5 8. c3 b6 9. 0-0 0-0 10. Qe2 Bb7 11. e4 dxe4 12. Nxe4 Nxe4 13. Bxe7 Qxe7 14. Bxe4 Bxe4 15. Qxe4 cxd4 16. Nxd4 Nc5 17. Qg4 Nd3 18. Qe2 Nf4 19. Qe4 Qg5 20. g3 Nd5 21. f4 Qh5 22. Qf3 Qxf3 23. Rxf3 a6 24. c4 Ne7 25. Rd3 Rac8 26. b3 g5 27. fxg5 hxg5 28. Nf3 f6 29. Rad1 e5 30. Rd7 Nf5 31. Rb7 g4 32. Ne1 b5 33. cxb5 axb5 34. Kf2 Nd4 35. Rd2 Rc1 36. Nd3 Rc3 37. Ke3 Rf7 38. Rb8+ Kg7 39. Kf2 Nf3 40. Rd1 Rd7 41. Nb2 Rc2+ 42. Ke3 Nd4 43. Rb1 Re2+ 44. Kd3 e4+ 0-1

[Event "Cesenatico op 7th"]
[Site "Cesenatico"]
[Date "2002.09.02"]
[Round "1"]
[White "Ragonese, Lucio Rosario"]
[Black "Costantini, Roberto"]
[Result "1-0"]
[WhiteElo "2044"]
[BlackElo "2340"]
[PlyCount "77"]
[EventDate "2002.09.02"]
[EventType "swiss"]
[EventRounds "9"]
[EventCountry "ITA"]
[SourceTitle "CBM 090 Extra"]
[Source "ChessBase"]
[SourceDate "2002.11.07"]
[SourceVersion "1"]
[SourceVersionDate "2002.11.07"]
[SourceQuality "1"]

1. d4 Nf6 2. Nf3 c5 3. c3 d5 4. Bf4 Qb6 5. Qb3 Nc6 6. e3 c4 7. Qxb6 axb6 8. Nbd2 b5 9. Be2 b4 10. 0-0 b5 11. Ne5 Nxe5 12. dxe5 bxc3 13. bxc3 Nd7 14. Rfb1 Ra5 15. e4 Nb6 16. e6 Na4 17. exf7+ Kxf7 18. Be5 e6 19. Bh5+ Ke7 20. exd5 exd5 21. Re1 Kd7 22. Be8+ Kd8 23. Bc6 b4 24. cxb4 Bxb4 25. Re2 Nc3 26. Re3 Rxa2 27. Bxc3 Rxa1+ 28. Bxa1 Bxd2 29. Rg3 Be6 30. Be5 Rf8 31. Kf1 g6 32. Ra3 Rf5 33. Bd6 Bc8 34. Ra7 Be6 35. Rxh7 Bc3 36. Re7 Bf7 37. Rd7+ Kc8 38. Ra7 Rxf2+ 39. Kg1 1-0

[Event "Letojanni op 1st"]
[Site "Letojanni"]
[Date "2001.12.27"]
[Round "6"]
[White "Gangemi, Salvatore"]
[Black "Ragonese, Lucio Rosario"]
[Result "0-1"]
[WhiteElo "2055"]
[BlackElo "2073"]
[PlyCount "98"]
[EventDate "2001.12.22"]
[EventType "swiss"]
[EventRounds "9"]
[EventCountry "ITA"]
[SourceTitle "EXT 2007"]
[Source "ChessBase"]
[SourceDate "2006.11.23"]
[SourceVersion "1"]
[SourceVersionDate "2006.11.23"]
[SourceQuality "1"]

1. c4 g6 2. g3 Bg7 3. Bg2 c6 4. Nc3 Nf6 5. e4 e5 6. Nge2 0-0 7. 0-0 d6 8. d3 Be6 9. h3 Qd7 10. Kh2 d5 11. cxd5 cxd5 12. d4 Nxe4 13. Nxe4 dxe4 14. dxe5 Bxe5 15. Qxd7 Nxd7 16. Bxe4 Nc5 17. Bg2 Rac8 18. Nc3 b6 19. Rd1 Rfd8 20. Bg5 f6 21. Be3 Nd3 22. f4 Bxc3 23. bxc3 Rxc3 24. Rd2 Rd7 25. Rad1 Nc5 26. Bd4 Rc4 27. Bxf6 Rxd2 28. Rxd2 Ra4 29. Kg1 Rxa2 30. Rd8+ Kf7 31. Be5 a5 32. Rb8 Nd7 33. Rh8 Nxe5 34. fxe5 h5 35. g4 hxg4 36. hxg4 Ra1+ 37. Kf2 Bxg4 38. Bd5+ Be6 39. Bc6 Rc1 40. Be8+ Kg7 41. Rh4 Rc5 42. Re4 b5 43. Re3 a4 44. Kg3 g5 45. Kf3 Kf8 46. Bg6 b4 47. Ke4 a3 48. Kd4 Rc4+ 49. Kd3 Rc3+ 0-1

[Event "Cesenatico op 5th"]
[Site "Cesenatico"]
[Date "2000.09.09"]
[Round "8"]
[White "Andreazza, Attilio"]
[Black "Ragonese, Lucio Rosario"]
[Result "1-0"]
[WhiteElo "2055"]
[BlackElo "2026"]
[PlyCount "53"]
[EventDate "2000.09.03"]
[EventType "swiss"]
[EventRounds "9"]
[EventCountry "ITA"]
[SourceTitle "CBM 078 Extra"]
[Source "ChessBase"]
[SourceDate "2000.11.10"]
[SourceVersion "1"]
[SourceVersionDate "2000.11.10"]
[SourceQuality "1"]

1. d4 f5 2. Nc3 Nf6 3. Bg5 e6 4. e4 fxe4 5. Nxe4 Be7 6. Bxf6 Bxf6 7. Nf3 b6 8. Bd3 Bb7 9. Ne5 Bxe5 10. dxe5 Qe7 11. Qe2 Nc6 12. f4 0-0-0 13. c3 Rdf8 14. Rf1 h6 15. 0-0-0 Qh4 16. g3 Qe7 17. Ba6 Rd8 18. Rd2 Nb8 19. Bxb7+ Kxb7 20. Rfd1 Rhf8 21. c4 Qf7 22. c5 Qf5 23. cxb6 axb6 24. Qc4 Rf7 25. Rc2 Nc6 26. Rc3 Ra8 27. Rxd7 1-0

[Event "Cesenatico op 5th"]
[Site "Cesenatico"]
[Date "2000.09.03"]
[Round "1"]
[White "Ragonese, Lucio Rosario"]
[Black "Lagrotteria, Salvatore"]
[Result "1/2-1/2"]
[WhiteElo "2026"]
[BlackElo "2201"]
[PlyCount "29"]
[EventDate "2000.09.03"]
[EventType "swiss"]
[EventRounds "9"]
[EventCountry "ITA"]
[SourceTitle "CBM 078 Extra"]
[Source "ChessBase"]
[SourceDate "2000.11.10"]
[SourceVersion "1"]
[SourceVersionDate "2000.11.10"]
[SourceQuality "1"]

1. d4 d5 2. Nf3 Nf6 3. Bg5 h6 4. Bh4 Bf5 5. c4 e6 6. Qb3 b6 7. Nc3 dxc4 8. Qxc4 Be7 9. Bg3 Bd6 10. Bxd6 cxd6 11. Nb5 Nd5 12. Nd2 a6 13. e4 axb5 14. Qxb5+ Nd7 15. exf5 1/2-1/2

[Event "Arco op 22nd"]
[Site "Arco"]
[Date "2000.??.??"]
[Round "2"]
[White "Ragonese, Lucio Rosario"]
[Black "Kloster, Josef"]
[Result "1/2-1/2"]
[WhiteElo "2018"]
[BlackElo "2127"]
[PlyCount "78"]
[EventDate "2000.10.??"]
[EventType "swiss"]
[EventRounds "9"]
[EventCountry "ITA"]
[SourceTitle "EXT 2001"]
[Source "ChessBase"]
[SourceDate "2000.11.22"]
[SourceVersion "1"]
[SourceVersionDate "2000.11.22"]
[SourceQuality "1"]

1. d4 Nf6 2. Nf3 d5 3. Bg5 e6 4. Nbd2 Be7 5. e3 Nbd7 6. Bd3 h6 7. Bh4 b6 8. c3 Bb7 9. Qe2 Ne4 10. Bxe7 Qxe7 11. Ba6 Bxa6 12. Qxa6 Nxd2 13. Nxd2 0-0 14. 0-0 c5 15. Rae1 Nf6 16. Qd3 Rad8 17. Nf3 Qc7 18. Ne5 Nd7 19. Nxd7 Rxd7 20. f4 c4 21. Qe2 f5 22. Qh5 Kh7 23. Rf3 g6 24. Qh4 Qd8 25. Qxd8 Rfxd8 26. Rff1 Kg7 27. Kf2 b5 28. Ke2 Rb7 29. Kd2 Kf6 30. Kc2 Rdb8 31. a3 a5 32. Ra1 g5 33. g3 Ke7 34. Rh1 Kd6 35. Rhf1 Kc6 36. Rh1 Ra8 37. Rhf1 Rba7 38. Rh1 g4 39. Kd2 Rg7 1/2-1/2

[Event "Arco op 21st"]
[Site "Arco"]
[Date "1999.10.23"]
[Round "1"]
[White "Rahls, Peter"]
[Black "Ragonese, Lucio Rosario"]
[Result "0-1"]
[WhiteElo "2278"]
[BlackElo "2010"]
[PlyCount "62"]
[EventDate "1999.10.23"]
[EventType "swiss"]
[EventRounds "9"]
[EventCountry "ITA"]
[SourceTitle "EXT 2000"]
[Source "ChessBase"]
[SourceDate "1999.11.16"]
[SourceVersion "1"]
[SourceVersionDate "1999.11.16"]
[SourceQuality "1"]

1. e4 c6 2. c4 d5 3. cxd5 cxd5 4. exd5 Nf6 5. Bb5+ Nbd7 6. Nc3 a6 7. Bxd7+ Qxd7 8. Nf3 Nxd5 9. 0-0 e6 10. Ne5 Nxc3 11. bxc3 Qd5 12. d4 b5 13. Re1 Be7 14. Qg4 Bf6 15. Ba3 Bb7 16. Re3 h5 17. Qg3 h4 18. Qh3 Rh5 19. Nf3 Rf5 20. Rae1 0-0-0 21. Bc5 Rh8 22. a4 Rh6 23. axb5 axb5 24. Ne5 Bxe5 25. Rxe5 Rxe5 26. Rxe5 Qa2 27. Qe3 Rg6 28. g3 hxg3 29. hxg3 Rh6 30. f3 Qh2+ 31. Kf1 Qh1+ 0-1

[Event "Bratto op 19th"]
[Site "Bratto"]
[Date "1999.??.??"]
[Round "1"]
[White "Mariano, Elia"]
[Black "Ragonese, Lucio Rosario"]
[Result "1-0"]
[WhiteElo "2254"]
[BlackElo "2017"]
[PlyCount "51"]
[EventDate "1999.??.??"]
[EventType "swiss"]
[EventRounds "9"]
[EventCountry "ITA"]
[SourceTitle "EXT 2000"]
[Source "ChessBase"]
[SourceDate "1999.11.16"]
[SourceVersion "1"]
[SourceVersionDate "1999.11.16"]
[SourceQuality "1"]

1. d4 f5 2. e4 fxe4 3. Nc3 Nf6 4. Bg5 g6 5. Bxf6 exf6 6. Nxe4 Bg7 7. Qd2 0-0 8. 0-0-0 d5 9. Ng3 Nc6 10. f4 Qd6 11. f5 g5 12. c3 a6 13. Bd3 b5 14. N1e2 Na5 15. Nh5 Nc4 16. Bxc4 bxc4 17. Nxg7 Kxg7 18. g4 Bd7 19. h4 h6 20. Rh3 Rh8 21. Rdh1 a5 22. Ng3 a4 23. a3 Rae8 24. hxg5 hxg5 25. Qh2 Qf8 26. Rh7+ 1-0

[Event "Bratto op 19th"]
[Site "Bratto"]
[Date "1999.??.??"]
[Round "4"]
[White "Ragonese, Lucio Rosario"]
[Black "Astengo, Corrado"]
[Result "0-1"]
[WhiteElo "2017"]
[BlackElo "2191"]
[PlyCount "60"]
[EventDate "1999.??.??"]
[EventType "swiss"]
[EventRounds "9"]
[EventCountry "ITA"]
[SourceTitle "EXT 2000"]
[Source "ChessBase"]
[SourceDate "1999.11.16"]
[SourceVersion "1"]
[SourceVersionDate "1999.11.16"]
[SourceQuality "1"]

1. d4 Nf6 2. Nf3 e6 3. Bg5 b6 4. Nbd2 Bb7 5. e3 Be7 6. Bd3 d6 7. 0-0 Nbd7 8. c3 h6 9. Bh4 e5 10. dxe5 dxe5 11. Qc2 0-0 12. Bxf6 Bxf6 13. Ne4 Qe7 14. Nfd2 Rad8 15. Rad1 Bh4 16. Nf3 Kh8 17. g3 Bf6 18. Nxf6 Bxf3 19. Nxd7 Bxd1 20. Rxd1 Rxd7 21. Bf5 Rxd1+ 22. Qxd1 g6 23. Bc2 Rd8 24. Qf3 Rd2 25. Bb3 Kg7 26. Qe4 Qf6 27. f4 exf4 28. exf4 Qd6 29. Bc2 Qc5+ 30. Kh1 Qd5 0-1

[Event "Bratto op 18th"]
[Site "Bratto"]
[Date "1998.??.??"]
[Round "?"]
[White "Ragonese, Lucio Rosario"]
[Black "Caruso, Daniele"]
[Result "1-0"]
[WhiteElo "2045"]
[BlackElo "2140"]
[PlyCount "117"]
[EventDate "1998.??.??"]
[EventType "swiss"]
[EventRounds "9"]
[EventCountry "ITA"]
[SourceTitle "EXT 2000"]
[Source "ChessBase"]
[SourceDate "1999.11.16"]
[SourceVersion "1"]
[SourceVersionDate "1999.11.16"]
[SourceQuality "1"]

1. d4 Nf6 2. Nf3 g6 3. Bg5 Bg7 4. Nbd2 c5 5. e3 d6 6. c3 Nc6 7. Bd3 0-0 8. Qc2 Be6 9. Bxf6 Bxf6 10. Ne4 Bg7 11. dxc5 dxc5 12. Nxc5 Bg4 13. Be2 Qc7 14. Nb3 a6 15. 0-0 b5 16. Nbd4 Na5 17. Qe4 Bxf3 18. Nxf3 Rab8 19. Rfd1 Nc4 20. Bxc4 bxc4 21. Rab1 Rb6 22. Nd4 Rd8 23. Qc2 Rc8 24. Rd2 Be5 25. g3 h5 26. Qe4 Rcb8 27. f4 Bf6 28. Qg2 e5 29. Ne2 Qc5 30. Qf2 exf4 31. exf4 Qf5 32. Qe1 Re8 33. Qd1 Qe4 34. Qc2 Qe3+ 35. Kg2 Rbe6 36. Nd4 Rd6 37. Re2 Bxd4 38. Rxe3 Bxe3 39. Qa4 Rd2+ 40. Kh3 Re6 41. Qxc4 Ba7 42. b4 Bb6 43. a4 Ree2 44. Rh1 Kg7 45. Qxa6 Be3 46. Qc4 Rb2 47. g4 Bf2 48. gxh5 gxh5 49. Rf1 Re3+ 50. Kg2 Bg3+ 51. Kg1 Bxh2+ 52. Kh1 Ree2 53. Qd4+ Kg8 54. Qd8+ Kg7 55. Qg5+ Kf8 56. Rd1 Re8 57. Qh6+ Kg8 58. Qxh5 Rf2 59. Qxh2 1-0